[Event "AUTO-OPEN-624"]
[Site "http://www.queenalice.com/game.php?id=197205"]
[Date "2007.4.15"]
[Round "1"]
[White "blauwmeisje"]
[Black "augustolenzuen"]
[Result "0-1"]
[WhiteElo "1160"]
[BlackElo "1523"]

1. Nf3 d5 2. Nc3 e6 3. e4 d4 4. Nxd4 Qxd4 5. Bb5+ c6 6. Be2 Bb4 7. d3 Nf6 8. O-O
Bxc3 9. bxc3 Qxc3 10. Rb1 O-O 11. Bb2 Qc5 12. Ba3 Qxa3 13. Rb3 Qxa2 14. Rc3 Nbd7
15. e5 Nxe5 16. Qd2 Neg4 17. Rc5 e5 18. Bxg4 Bxg4 19. Rxe5 Rfe8 20. Rxe8+ Rxe8
21. Qg5 Be2 22. Re1 Qxc2 23. g4 h6 24. Qf5 Bxg4 25. Qf4 Rxe1+ 26. Kg2 Qxd3 0-1

[Event "AUTO-OPEN-624"]
[Site "http://www.queenalice.com/game.php?id=197206"]
[Date "2007.4.15"]
[Round "1"]
[White "augustolenzuen"]
[Black "blauwmeisje"]
[Result "1-0"]
[WhiteElo "1461"]
[BlackElo "1185"]

1. d4 d5 2. Nc3 Bf5 3. Nf3 Nf6 4. Bg5 Be4 5. Ne5 e6 6. f3 Bf5 7. g4 Bg6 8. h4
Bd6 9. h5 Bb4 10. Qd2 Na6 11. e3 Qd6 12. Bxa6 bxa6 13. a3 Bxc3 14. Qxc3 O-O 15.
Bxf6 gxf6 16. Nxg6 Rfb8 17. b4 c5 18. dxc5 Qg3+ 19. Kd2 Qxf3 20. Rhg1 Rd8 21.
Raf1 Qh3 22. Qxf6 Rdb8 23. Qh8# 1-0

[Event "Challenge"]
[Site "http://www.queenalice.com/game.php?id=200092"]
[Date "2007.4.21"]
[Round "-"]
[White "Lord"]
[Black "blauwmeisje"]
[Result "1-0"]
[WhiteElo "1224"]
[BlackElo "1126"]

1. e4 Nc6 2. Nc3 g6 3. Nf3 Bg7 4. g3 Bxc3 5. bxc3 d6 6. h4 Bg4 7. Ba3 Bxf3 8.
Qxf3 Ne5 9. Qe3 Ng4 10. Qf3 N8f6 11. Bh3 Ne5 12. Qe3 Nc4 13. Bb4 Nxe3 14. dxe3
c6 15. a4 Nxe4 16. f3 Nxg3 17. Rg1 Nh5 18. Rd1 O-O 19. f4 Qb6 20. a5 1-0

[Event "AUTO-INT-428"]
[Site "http://www.queenalice.com/game.php?id=200906"]
[Date "2007.4.22"]
[Round "1"]
[White "blauwmeisje"]
[Black "Chazam"]
[Result "0-1"]
[WhiteElo "1201"]
[BlackElo "1591"]

1. f4 e6 2. Nf3 b6 3. b3 Bb7 4. Nd4 Bc5 5. Nb5 a6 6. N5c3 Nf6 7. d4 Bb4 8. g3
Bxh1 9. Bg2 Bxg2 10. Bd2 Bxc3 11. Bxc3 Ne4 12. Bb4 Qf6 13. Qd3 Qh6 14. g4 Qxh2
15. Qc4 Qg1# 0-1

[Event "AUTO-INT-428"]
[Site "http://www.queenalice.com/game.php?id=200908"]
[Date "2007.4.22"]
[Round "1"]
[White "blauwmeisje"]
[Black "tewald"]
[Result "0-1"]
[WhiteElo "1191"]
[BlackElo "1756"]

1. b3 Nf6 2. Bb2 e6 3. g3 g6 4. Bg2 Bg7 5. Nc3 O-O 6. Na4 c6 7. Bxf6 Qxf6 8. Nc5
Qxa1 9. Qxa1 Bxa1 10. Be4 d5 11. Bd3 Bd4 12. Nf3 Bxc5 13. O-O Bd6 14. a4 e5 15.
e4 Re8 16. exd5 e4 17. Bxe4 Rxe4 18. dxc6 Nxc6 19. d3 Re7 20. Ng5 h6 0-1

[Event "AUTO-INT-428"]
[Site "http://www.queenalice.com/game.php?id=200909"]
[Date "2007.4.22"]
[Round "1"]
[White "tewald"]
[Black "blauwmeisje"]
[Result "1-0"]
[WhiteElo "1729"]
[BlackElo "1193"]

1. e4 e5 2. d3 Bb4+ 3. c3 Bxc3+ 4. Nxc3 b6 5. f4 exf4 6. Bxf4 Bb7 7. Nf3 Qf6 8.
Bxc7 Nc6 9. e5 Qf4 10. Bd6 Qe3+ 11. Qe2 Qxe2+ 12. Bxe2 Nh6 13. O-O O-O-O 14. d4
Nb4 15. Bxb4 Ng4 16. Ng5 h6 17. Nxf7 Ne3 18. Rf2 Rdf8 19. Bxf8 Nxg2 20. Nxh8 Bd5
21. Nxd5 1-0

[Event "Challenge"]
[Site "http://www.queenalice.com/game.php?id=202932"]
[Date "2007.4.26"]
[Round "-"]
[White "ray"]
[Black "blauwmeisje"]
[Result "1-0"]
[WhiteElo "1788"]
[BlackElo "1172"]

1. c4 c5 2. Nc3 d6 3. g3 Nc6 4. Bg2 Na5 5. e3 Nxc4 6. Nge2 g5 7. O-O Bg4 8. f3
Be6 9. d4 cxd4 10. Nxd4 Bd5 11. Nxd5 Rc8 12. Nf5 e6 13. b3 Ne5 14. f4 exd5 15.
Bxd5 Bh6 16. fxg5 1-0

[Event "Challenge"]
[Site "http://www.queenalice.com/game.php?id=202933"]
[Date "2007.4.26"]
[Round "-"]
[White "ray"]
[Black "blauwmeisje"]
[Result "1-0"]
[WhiteElo "1786"]
[BlackElo "1174"]

1. c4 d5 2. Nc3 Nc6 3. cxd5 Ne5 4. e4 Bg4 5. f3 g6 6. fxg4 Qd6 7. Nb5 Qc5 8. d4
Qb4+ 9. Nc3 Nc4 10. Bxc4 Qxc4 11. Bd2 Bg7 12. Qa4+ Qxa4 13. Nxa4 Bxd4 14. Rc1
Bxb2 15. Nxb2 Nf6 16. Rxc7 Nxe4 17. Rxb7 1-0

[Event "Challenge"]
[Site "http://www.queenalice.com/game.php?id=202934"]
[Date "2007.4.26"]
[Round "-"]
[White "ray"]
[Black "blauwmeisje"]
[Result "1-0"]
[WhiteElo "1784"]
[BlackElo "1176"]

1. c4 Nc6 2. Nc3 d6 3. g3 b6 4. Bg2 g5 5. e3 Ne5 6. Nge2 Nd3+ 7. Kf1 Rb8 8. Qc2
Nxc1 9. Rxc1 Bg7 10. Be4 Bg4 11. Kg2 Bxe2 12. Bc6+ Kf8 13. Qf5 f6 14. Nd5 Bxc4
15. Rxc4 Nh6 16. Qe6 1-0

[Event "Challenge"]
[Site "http://www.queenalice.com/game.php?id=202935"]
[Date "2007.4.26"]
[Round "-"]
[White "ray"]
[Black "blauwmeisje"]
[Result "1-0"]
[WhiteElo "1792"]
[BlackElo "1168"]

1. c4 h5 2. Nc3 g6 3. g3 Nc6 4. Bg2 Bg7 5. e3 Nf6 6. Nge2 O-O 7. O-O e5 8. f4
exf4 9. Nxf4 Ng4 10. Bf3 Nxh2 11. Kxh2 h4 12. g4 Ne5 13. Kh3 d6 14. Nfd5 Qg5 15.
Ne4 Qh6 16. Ne7+ Kh7 17. Nxc8 Raxc8 18. g5 Nxf3 19. gxh6 Bxh6 20. Qxf3 1-0

[Event "Challenge"]
[Site "http://www.queenalice.com/game.php?id=202936"]
[Date "2007.4.26"]
[Round "-"]
[White "blauwmeisje"]
[Black "ray"]
[Result "0-1"]
[WhiteElo "1170"]
[BlackElo "1790"]

1. c4 c5 2. b3 Nc6 3. Bb2 Nf6 4. Bxf6 gxf6 5. g4 Bg7 6. Bg2 f5 7. Bxc6 bxc6 8.
Nc3 Qa5 9. Qb1 Bxc3 10. dxc3 Qxc3+ 11. Kf1 fxg4 12. h4 Rg8 13. Qxh7 Qxa1+ 14.
Kg2 Kf8 15. f4 g3 0-1

[Event "Challenge"]
[Site "http://www.queenalice.com/game.php?id=202937"]
[Date "2007.4.26"]
[Round "-"]
[White "blauwmeisje"]
[Black "ray"]
[Result "0-1"]
[WhiteElo "1180"]
[BlackElo "1798"]

1. e4 c5 2. b3 g6 3. Bb2 Nf6 4. Bxf6 exf6 5. Bc4 Bg7 6. Nc3 O-O 7. Qg4 d5 8.
Bxd5 Bxg4 9. Bxb7 Bh6 10. Bxa8 Qxd2+ 11. Kf1 Qxc3 12. Rc1 Bxc1 13. g3 Rd8 14. f3
Rd1+ 15. Kg2 Qxc2+ 0-1

[Event "Challenge"]
[Site "http://www.queenalice.com/game.php?id=202938"]
[Date "2007.4.26"]
[Round "-"]
[White "ray"]
[Black "blauwmeisje"]
[Result "1-0"]
[WhiteElo "1794"]
[BlackElo "1166"]

1. c4 g5 2. Nc3 Bg7 3. g3 Bxc3 4. bxc3 d6 5. e3 b6 6. Bg2 c6 7. Nf3 Bg4 8. O-O
Nf6 9. Qa4 Bxf3 10. Bxf3 Kf8 11. Bxc6 Nxc6 12. Qxc6 1-0

[Event "Challenge"]
[Site "http://www.queenalice.com/game.php?id=202939"]
[Date "2007.4.26"]
[Round "-"]
[White "ray"]
[Black "blauwmeisje"]
[Result "1-0"]
[WhiteElo "1782"]
[BlackElo "1178"]

1. c4 c5 2. Nc3 b6 3. g3 Nc6 4. Bg2 Nf6 5. e3 g6 6. Nge2 Nb4 7. a3 Nd3+ 8. Kf1
Bg7 9. Qc2 Ne5 10. Bxa8 Nf3 11. Bxf3 Bh6 12. Kg2 Nh5 13. Bxh5 Bb7+ 14. Bf3 Bxf3+
15. Kxf3 e5 16. Nd5 e4+ 17. Qxe4+ 1-0

[Event "Challenge"]
[Site "http://www.queenalice.com/game.php?id=202940"]
[Date "2007.4.26"]
[Round "-"]
[White "blauwmeisje"]
[Black "ray"]
[Result "0-1"]
[WhiteElo "1162"]
[BlackElo "1798"]

1. f4 c5 2. b3 Nc6 3. Nf3 g6 4. Bb2 Nf6 5. Ng5 Bg7 6. g3 O-O 7. Bxf6 Bxf6 8. Nf3
Bxa1 9. Ng5 Bg7 10. Bg2 e5 11. Bxc6 dxc6 12. Nc3 exf4 13. gxf4 Bxc3 14. dxc3
Qxd1+ 15. Kxd1 Bg4 16. h4 Rae8 17. Kc1 Rxe2 0-1

[Event "Challenge"]
[Site "http://www.queenalice.com/game.php?id=202941"]
[Date "2007.4.26"]
[Round "-"]
[White "blauwmeisje"]
[Black "ray"]
[Result "0-1"]
[WhiteElo "1164"]
[BlackElo "1796"]

1. e4 c5 2. b3 Nc6 3. Bb2 g6 4. Bxh8 f6 5. Nc3 Nh6 6. g3 Nf7 7. Bc4 Nxh8 8. Qg4
d5 9. Qe2 dxc4 10. bxc4 Bh6 11. f4 Nd4 12. Qd1 Bd7 13. Rb1 b6 14. Nb5 Nxb5 15.
Rxb5 Bxb5 0-1